[Event "OLNW 2223 HSK Lister Turm II - SV Werder"]
[Site "?"]
[Date "2023.04.23"]
[Round "8.6"]
[White "Hoffmann, Lukas"]
[Black "Heldt, Nils-Lennart"]
[Result "1/2-1/2"]
[WhiteElo "2224"]
[BlackElo "2143"]
[PlyCount "205"]
[EventDate "2023.??.??"]

1. d4 d5 2. c4 c6 3. cxd5 cxd5 4. Nc3 Nf6 5. f3 Qb6 6. e3 Nc6 7. Bb5 e6 8. Nge2 Bb4 9. O-O O-O 10. Kh1 Rd8 11. Ba4 e5 12. Bxc6 exd4 13. Ba4 dxc3 14. bxc3 Bd6 15. Nd4 a6 16. Bd2 Qc7 17. Qe1 Bd7 18. Bc2 Re8 19. Qh4 Be7 20. Qf2 Qe5 21. Rg1 h5 22. Bd3 Bd6 23. g3 Rac8 24. Qg2 Rc7 25. h3 b5 26. g4 hxg4 27. hxg4 Bxg4 28. fxg4 Nxg4 29. Bf5 Nh6 30. e4 Nxf5 31. Nxf5 Bf8 32. Raf1 Qxe4 33. Nh6+ Kh7 34. Nxf7 Qh4+ 35. Qh2 Rc4 36. Ng5+ Kg8 37. Nf3 Qxh2+ 38. Kxh2 Bd6+ 39. Kh3 Re6 40. Re1 Ree4 41. Rg6 Bf4 42. Bxf4 Rxf4 43. Kg3 Rf6 44. Rxf6 gxf6 45. Re3 Ra4 46. Re2 Ra3 47. Re6 Ra4 48. Rxf6 Rxa2 49. Rc6 a5 50. Rc5 b4 51. cxb4 axb4 52. Rxd5 Rc2 53. Kf4 b3 54. Rb5 b2 55. Rb7 Rf2 56. Ke4 Re2+ 57. Kd5 b1=Q 58. Rxb1 Kf7 59. Rb6 Ke7 60. Ng5 Re1 61. Ne4 Rd1+ 62. Ke5 Kd7 63. Rb3 Re1 64. Rc3 Re2 65. Kd5 Re1 66. Ra3 Rd1+ 67. Ke5 Re1 68. Ra6 Re3 69. Ra1 Kc6 70. Kd4 Rh3 71. Nf6 Rh4+ 72. Ke5 Kc5 73. Rc1+ Kb5 74. Kd5 Kb4 75. Ne4 Rh5+ 76. Kd4 Kb5 77. Rc8 Rh4 78. Rf8 Kc6 79. Rf6+ Kb5 80. Rg6 Rf4 81. Rh6 Rg4 82. Kd5 Rg1 83. Nd6+ Kb4 84. Rh4+ Kb3 85. Nf5 Rg8 86. Ne7 Rd8+ 87. Kc5 Kc3 88. Nd5+ Kc2 89. Rc4+ Kb3 90. Rc3+ Kb2 91. Rf3 Kc2 92. Kc4 Rc8+ 93. Kd4 Rd8 94. Rf5 Kb3 95. Rf2 Rd7 96. Rf3+ Kc2 97. Kc4 Kd2 98. Rf2+ Kc1 99. Ra2 Rd8 100. Kd4 Re8 101. Nc3 Rd8+ 102. Ke3 Rd3+ 103. Kxd3 1/2-1/2

[Event "OLNW 2223 HSK Lister Turm II - SV Werder"]
[Site "?"]
[Date "2023.04.23"]
[Round "8.7"]
[White "Franke, Reiner"]
[Black "Hoerstmann, Martin"]
[Result "0-1"]
[WhiteElo "2203"]
[BlackElo "2219"]
[PlyCount "48"]
[EventDate "2023.??.??"]

1. d4 g6 2. c4 Bg7 3. Nf3 d6 4. g3 Nd7 5. e4 e5 6. Nc3 Ne7 7. Bg2 O-O 8. O-O exd4 9. Nxd4 Nc6 10. Nde2 a5 11. h3 Nc5 12. b3 a4 13. Rb1 axb3 14. axb3 f5 15. b4 Nxe4 16. Nxe4 fxe4 17. Qd5+ Kh8 18. Bg5 Qe8 19. g4 Be6 20. Qxe4 Qf7 21. c5 Bc4 22. Rbe1 Rae8 23. Qc2 Nxb4 24. Qd2 Nd3 0-1

[Event "OLNW 2223 HSK Lister Turm II - SV Werder"]
[Site "?"]
[Date "2023.04.23"]
[Round "8.8"]
[White "Gentemann, Moritz"]
[Black "Diederichsen, Detlev"]
[Result "1/2-1/2"]
[WhiteElo "2210"]
[BlackElo "2160"]
[PlyCount "90"]
[EventDate "2023.??.??"]

1. c4 e6 2. d4 d5 3. Nc3 c5 4. cxd5 exd5 5. Nf3 Nc6 6. e3 Nf6 7. Bb5 a6 8. Bxc6+ bxc6 9. O-O Bd6 10. dxc5 Bxc5 11. b3 O-O 12. Bb2 Re8 13. Rc1 Bf8 14. Na4 Ne4 15. Nc3 Ng5 16. Nd4 Bd7 17. Na4 Rc8 18. Nc5 Bxc5 19. Rxc5 Ne4 20. Rc1 Qg5 21. Kh1 Qg6 22. Ne2 h5 23. Nf4 Qf5 24. Qxh5 Qxh5 25. Nxh5 f6 26. Kg1 Kf7 27. Nf4 a5 28. Rfd1 Rb8 29. Bd4 Rb7 30. Nd3 Rb5 31. f3 Ng5 32. Nc5 Ke7 33. Kf2 Ne6 34. Nd3 Kd6 35. h4 Ra8 36. h5 c5 37. Ba1 a4 38. bxa4 Rxa4 39. Rd2 Rba5 40. Rcc2 Rh4 41. g4 Ba4 42. Nb2 Bxc2 43. Nc4+ Ke7 44. Nxa5 Rh2+ 45. Ke1 Rh1+ 1/2-1/2

[Event "OLNW 2223 SK Ricklingen - SK Nordhorn Bl"]
[Site "?"]
[Date "2023.04.23"]
[Round "8.1"]
[White "Kroeze, Frank"]
[Black "Ackermann, Dennie"]
[Result "1-0"]
[WhiteElo "2380"]
[BlackElo "2101"]
[PlyCount "77"]
[EventDate "2023.??.??"]

1. e4 Nf6 2. e5 Nd5 3. d4 d6 4. Nf3 dxe5 5. Nxe5 c6 6. Be2 Bf5 7. O-O Nd7 8. Nf3 e6 9. c4 N5f6 10. Nc3 Bd6 11. Nh4 Bg6 12. Nxg6 hxg6 13. g3 O-O 14. Be3 Re8 15. Kg2 e5 16. d5 Qc7 17. Rc1 Bc5 18. Bxc5 Nxc5 19. b4 Nce4 20. Nxe4 Nxe4 21. dxc6 Rad8 22. Qa4 Nd2 23. Rfd1 Re6 24. c5 bxc6 25. Qc2 Qd7 26. Qc3 Qd5+ 27. Kg1 Qd4 28. Rc2 Qxc3 29. Rxc3 Re7 30. Kg2 Red7 31. b5 Ne4 32. Rxd7 Rxd7 33. Rc4 f5 34. a4 Kf7 35. b6 axb6 36. cxb6 Rd2 37. b7 Rb2 38. Rxe4 fxe4 39. Bb5 1-0

[Event "OLNW 2223 SK Ricklingen - SK Nordhorn Bl"]
[Site "?"]
[Date "2023.04.23"]
[Round "8.2"]
[White "Simon, Ralf-Axel"]
[Black "Lambrechts, Koen"]
[Result "1/2-1/2"]
[WhiteElo "2049"]
[BlackElo "2264"]
[PlyCount "60"]
[EventDate "2023.??.??"]

1. Nf3 e6 2. b3 f5 3. g3 b6 4. Bg2 Bb7 5. Bb2 Nf6 6. O-O Be7 7. d3 O-O 8. e4 fxe4 9. Ng5 Qc8 10. Nxe4 Nxe4 11. dxe4 d6 12. Qg4 e5 13. Qe2 Ba6 14. c4 Nc6 15. Qd3 Qe8 16. Nc3 Bc8 17. Nd5 Bd8 18. Rad1 a5 19. a3 Bg4 20. f3 Bh5 21. b4 Kh8 22. b5 Nb8 23. a4 Nd7 24. Ba3 Rf7 25. Rde1 g5 26. Bh3 Nf8 27. Bf5 Ne6 28. Bg4 Bg6 29. Bf5 Bh5 30. Bg4 Bg6 1/2-1/2

[Event "OLNW 2223 SK Ricklingen - SK Nordhorn Bl"]
[Site "?"]
[Date "2023.04.23"]
[Round "8.3"]
[White "Oehne, Timo"]
[Black "Spiess, Thomas"]
[Result "0-1"]
[WhiteElo "2155"]
[BlackElo "1990"]
[PlyCount "100"]
[EventDate "2023.??.??"]

1. d4 d5 2. Nf3 Nf6 3. g3 c6 4. Bg2 Bf5 5. O-O e6 6. c4 Nbd7 7. Nc3 dxc4 8. Re1 Bb4 9. Nh4 Bg4 10. Qc2 Nb6 11. Rd1 Rc8 12. h3 Bh5 13. g4 Bg6 14. Nxg6 hxg6 15. Bg5 Nbd5 16. e4 Nxc3 17. bxc3 Be7 18. Qa4 a6 19. Qxc4 Qa5 20. Bf4 O-O 21. Qb3 b5 22. a4 b4 23. c4 g5 24. Bg3 Rfd8 25. c5 Nd7 26. e5 Nf8 27. Rab1 Rd7 28. Bf3 Rb7 29. Be2 Ra8 30. Ra1 Kh8 31. f4 gxf4 32. Bxf4 Bh4 33. Qf3 b3 34. g5 Ng6 35. Bd3 b2 36. Rab1 Qxa4 37. Qh5+ Kg8 38. Bxg6 fxg6 39. Qxh4 Qc4 40. Qf2 Rf8 41. Qd2 Rb3 42. Rf1 Rfb8 43. Be3 a5 44. Qf2 Qd3 45. Bd2 a4 46. Qf8+ Kh7 47. Rf4 Qg3+ 48. Kf1 a3 49. Be1 Qxh3+ 50. Ke2 a2 0-1

[Event "OLNW 2223 SK Ricklingen - SK Nordhorn Bl"]
[Site "?"]
[Date "2023.04.23"]
[Round "8.4"]
[White "Schmidt, Benjamin"]
[Black "Schulz, Jens"]
[Result "0-1"]
[WhiteElo "1876"]
[BlackElo "2156"]
[PlyCount "44"]
[EventDate "2023.??.??"]

1. d4 Nf6 2. c4 e6 3. Nc3 Bb4 4. Qc2 O-O 5. Nf3 b6 6. e4 Bb7 7. Bd3 d5 8. cxd5 exd5 9. e5 Ne4 10. O-O f5 11. exf6 Nxf6 12. Ng5 h6 13. Ne6 Qd7 14. Nxf8 Bxf8 15. Bf5 Qd8 16. Be6+ Kh8 17. Qg6 Nc6 18. Be3 Ne7 19. Qg3 Bc8 20. Qh3 Qd6 21. Bxc8 Rxc8 22. Ne2 Qb4 0-1

[Event "OLNW 2223 SK Ricklingen - SK Nordhorn Bl"]
[Site "?"]
[Date "2023.04.23"]
[Round "8.5"]
[White "Stotyn, Fabian"]
[Black "Koelle, Arthur"]
[Result "0-1"]
[WhiteElo "2128"]
[BlackElo "2167"]
[PlyCount "126"]
[EventDate "2023.??.??"]

1. e4 c5 2. Nf3 e6 3. d4 cxd4 4. Nxd4 Nc6 5. Be3 Qc7 6. Bd3 a6 7. O-O Nf6 8. Nc3 b5 9. Nxc6 Qxc6 10. a3 Bb7 11. f3 Bc5 12. Qd2 O-O 13. Bxc5 Qxc5+ 14. Qf2 Rac8 15. Qxc5 Rxc5 16. Ne2 e5 17. c3 d5 18. exd5 Rxd5 19. Rfd1 Rfd8 20. Bc2 Kf8 21. Kf2 Ke7 22. Ke1 Rxd1+ 23. Bxd1 Nd5 24. Bb3 f5 25. a4 bxa4 26. Bxd5 Rxd5 27. Rxa4 g6 28. c4 Rd7 29. Nc3 g5 30. Rb4 Kd6 31. Na4 Bc6 32. Rb6 Rb7 33. Rxb7 Bxb7 34. b4 Bc6 35. Nc3 h5 36. Ke2 h4 37. g3 hxg3 38. hxg3 f4 39. Kf2 Bb7 40. Kg2 g4 41. c5+ Ke6 42. b5 Bxf3+ 43. Kf2 axb5 44. Nxb5 fxg3+ 45. Kxg3 Kd5 46. Nd6 Kxc5 47. Nf5 Kc4 48. Kf2 Kd3 49. Ng3 Bb7 50. Nf5 Bc6 51. Nh6 Bf3 52. Nf7 Kd4 53. Nd6 e4 54. Nf5+ Kd3 55. Ng3 e3+ 56. Ke1 Kd4 57. Nf5+ Ke4 58. Ng3+ Kd3 59. Nh5 Bb7 60. Ng3 Ba6 61. Kd1 Kd4 62. Ke1 Ke5 63. Nh5 Ke4 0-1

[Event "OLNW 2223 SK Ricklingen - SK Nordhorn Bl"]
[Site "?"]
[Date "2023.04.23"]
[Round "8.6"]
[White "Herrmann, Andreas"]
[Black "Bierenbroodspot, Paul"]
[Result "0-1"]
[WhiteElo "2016"]
[BlackElo "2099"]
[PlyCount "112"]
[EventDate "2023.??.??"]

1. d4 d5 2. Nf3 e6 3. c3 c5 4. Bf4 Nc6 5. e3 Bd6 6. dxc5 Bxc5 7. Nbd2 Nf6 8. Bd3 Bd6 9. Bxd6 Qxd6 10. Qe2 O-O 11. e4 e5 12. exd5 Qxd5 13. Ne4 Nxe4 14. Qxe4 Qxe4+ 15. Bxe4 Bg4 16. O-O f6 17. h3 Be6 18. b3 Rfd8 19. Rfd1 g6 20. Ne1 Rxd1 21. Rxd1 Rd8 22. Rxd8+ Nxd8 23. Nc2 Kf7 24. Kf1 f5 25. Bd3 e4 26. Be2 Nc6 27. Ke1 f4 28. Na3 Kf6 29. Nb5 Ke5 30. Kd2 a6 31. Na3 b5 32. Bf1 h5 33. h4 Ne7 34. Nc2 Nf5 35. Nb4 Bc8 36. a4 Nxh4 37. axb5 axb5 38. Nc6+ Kd6 39. Nd4 Bd7 40. g3 Nf3+ 41. Nxf3 exf3 42. gxf4 h4 43. Ke3 Bg4 44. f5 g5 45. Ke4 h3 46. Bxh3 Bxh3 47. c4 b4 48. c5+ Kxc5 49. Ke5 Bxf5 50. Kxf5 Kd4 51. Kxg5 Kc3 52. Kg4 Kxb3 53. Kxf3 Kc2 54. Kg4 b3 55. f4 b2 56. f5 b1=Q 0-1

[Event "OLNW 2223 SK Ricklingen - SK Nordhorn Bl"]
[Site "?"]
[Date "2023.04.23"]
[Round "8.7"]
[White "Hoellmann, Ludger"]
[Black "Witthaus, Joerg"]
[Result "1/2-1/2"]
[WhiteElo "2053"]
[BlackElo "2014"]
[PlyCount "110"]
[EventDate "2023.??.??"]

1. d4 e6 2. Nf3 Nf6 3. g3 d5 4. Bg2 Be7 5. O-O O-O 6. c4 c6 7. Qc2 Nbd7 8. Nbd2 b6 9. e4 dxe4 10. Nxe4 Bb7 11. Rd1 Nxe4 12. Qxe4 Nf6 13. Qc2 Qc8 14. Ne5 c5 15. d5 exd5 16. cxd5 Ne8 17. Bf4 Bd6 18. Qe2 Qc7 19. Nd3 Rd8 20. Rac1 Nf6 21. Bxd6 Qxd6 22. Nf4 Rfe8 23. Qc2 Re7 24. h4 h6 25. a3 Re5 26. Qa4 a5 27. Qb3 Rde8 28. Qc4 R5e7 29. Qb5 Rc8 30. Rc2 Re5 31. Re2 Rce8 32. Rxe5 Rxe5 33. Qb3 g6 34. Qc4 Nd7 35. b4 axb4 36. axb4 Re8 37. bxc5 Nxc5 38. Qb5 Rb8 39. Qe2 Ba6 40. Qe3 Rd8 41. Ne2 Bxe2 42. Qxe2 Qf6 43. Qd2 Kg7 44. d6 Nd7 45. Qb4 Qf5 46. Qc3+ Qf6 47. Qc7 b5 48. Bc6 Nc5 49. Bd5 Na6 50. Qb7 Rxd6 51. Qxb5 Nc7 52. Qb3 Nxd5 53. Rxd5 Qa1+ 54. Kh2 Rxd5 55. Qxd5 h5 {(=)} 1/2-1/2

[Event "OLNW 2223 SK Ricklingen - SK Nordhorn Bl"]
[Site "?"]
[Date "2023.04.23"]
[Round "8.8"]
[White "Ploog, Martin"]
[Black "Scheffner, Jarno"]
[Result "1-0"]
[WhiteElo "2027"]
[BlackElo "1982"]
[PlyCount "99"]
[EventDate "2023.??.??"]

1. e4 e5 2. Bc4 Nc6 3. Nc3 Bc5 4. Qg4 g6 5. Qf3 Nf6 6. Nge2 d6 7. h3 h6 8. d3 Bd7 9. O-O g5 10. Nd5 Nxd5 11. Bxd5 Qe7 12. Ng3 Nd4 13. Qd1 c6 14. Bc4 b5 15. c3 bxc4 16. cxd4 Bxd4 17. dxc4 g4 18. hxg4 Qh4 19. Nf5 Bxf5 20. exf5 Rg8 21. Qf3 Kd7 22. Be3 Qxg4 23. Qxg4 Rxg4 24. Bxd4 Rxd4 25. b3 Ke7 26. Rad1 Kf6 27. f4 c5 28. fxe5+ dxe5 29. Rxd4 exd4 30. Kf2 Kxf5 31. Ke2+ Kg6 32. g4 Re8+ 33. Kd2 Re5 34. b4 cxb4 35. Kd3 Re3+ 36. Kxd4 Re2 37. c5 Rxa2 38. Kc4 Rg2 39. Rb1 Rxg4+ 40. Kb5 Rg5 41. Kc4 Rg2 42. c6 Rc2+ 43. Kd5 f5 44. Rxb4 Kf6 45. Rh4 Rd2+ 46. Kc5 Ke5 47. c7 Rd5+ 48. Kc4 Rd1 49. Kb3 Rc1 50. Rc4 1-0

[Event "OLNW 2223 SV Hellern - SK Union Oldenbur"]
[Site "?"]
[Date "2023.04.23"]
[Round "8.1"]
[White "Wittje, Berthold"]
[Black "Hoffmann, Alexander"]
[Result "0-1"]
[WhiteElo "2243"]
[BlackElo "2405"]
[PlyCount "56"]
[EventDate "2023.??.??"]

1. Nf3 c5 2. g3 Nc6 3. Bg2 g6 4. c4 Bg7 5. Nc3 e6 6. e3 Nge7 7. O-O O-O 8. d4 cxd4 9. exd4 d5 10. cxd5 exd5 11. Bg5 h6 12. Be3 Be6 13. Rc1 Nf5 14. Re1 Rc8 15. Qd2 Re8 16. Na4 b6 17. Bf1 Nxe3 18. Rxe3 Nxd4 19. Rxc8 Nxf3+ 20. Rxf3 Bxc8 21. Nc3 d4 22. Ne2 Bb7 23. Ra3 Qd5 24. f3 g5 25. Bg2 Qc5 26. b4 Rxe2 27. bxc5 Rxd2 28. Rxa7 d3 0-1

[Event "OLNW 2223 SV Hellern - SK Union Oldenbur"]
[Site "?"]
[Date "2023.04.23"]
[Round "8.2"]
[White "Gronde, Ingo"]
[Black "Mueer, Sebastian"]
[Result "1-0"]
[WhiteElo "2313"]
[BlackElo "2207"]
[PlyCount "111"]
[EventDate "2023.??.??"]

1. e4 c5 2. Nf3 d6 3. d4 cxd4 4. Nxd4 Nf6 5. Nc3 a6 6. Bg5 e6 7. f4 Nbd7 8. Qe2 h6 9. Bh4 e5 10. fxe5 dxe5 11. Nb3 Qc7 12. O-O-O b5 13. g4 Bb7 14. Bg2 Be7 15. Bg3 O-O-O 16. Nd5 Nxd5 17. exd5 Bd6 18. Rhf1 f6 19. Be1 Nc5 20. Na5 e4 21. Bxe4 Nxe4 22. Qxe4 Rhe8 23. Qf5+ Kb8 24. Nxb7 Kxb7 25. Bg3 Bxg3 26. hxg3 Qxg3 27. d6 Rxd6 28. Rxd6 Qxd6 29. Rd1 Qe6 30. Rd7+ Kc6 31. Qxe6+ Rxe6 32. Rxg7 Kd5 33. a4 bxa4 34. Rg6 Ke5 35. Rxh6 Kf4 36. Rg6 a5 37. Kb1 a3 38. bxa3 Ke5 39. Kc1 Kd4 40. g5 Kc3 41. Kd1 Rd6+ 42. Ke1 Rd5 43. gxf6 Rf5 44. Ke2 Kxc2 45. Ke3 Kb2 46. Rg2+ Kxa3 47. Rf2 Re5+ 48. Kd4 Re8 49. f7 Rf8 50. Kc4 a4 51. Rf3+ Kb2 52. Kb4 a3 53. Rf2+ Kc1 54. Kxa3 Kd1 55. Kb4 Ke1 56. Rf6 1-0

[Event "OLNW 2223 SV Hellern - SK Union Oldenbur"]
[Site "?"]
[Date "2023.04.23"]
[Round "8.3"]
[White "Meessen, Max"]
[Black "Boettcher, Christian"]
[Result "0-1"]
[WhiteElo "2172"]
[BlackElo "2192"]
[PlyCount "70"]
[EventDate "2023.??.??"]

1. e4 c6 2. d4 d5 3. e5 c5 4. dxc5 e6 5. a3 Bxc5 6. b4 Be7 7. Bb2 Nh6 8. Bd3 O-O 9. Nf3 f6 10. O-O Nc6 11. c4 Nxe5 12. Nxe5 fxe5 13. Bxe5 Bf6 14. Qe2 Nf7 15. Qh5 h6 16. f4 dxc4 17. Bg6 Nxe5 18. fxe5 Qd4+ 19. Kh1 Qxe5 20. Ra2 Qxh5 21. Bxh5 Bd7 22. Bf3 Rab8 23. Nd2 Ba4 24. Re1 c3 25. Ne4 Bd4 26. Bd1 Bc6 27. Rae2 Bd5 28. g3 Rbc8 29. Bc2 Bc4 30. Rg2 Bf1 31. Bb3 Bxg2+ 32. Kxg2 Rce8 33. Nd6 Re7 34. Bxe6+ Kh8 35. Nb5 Bf6 0-1

[Event "OLNW 2223 SV Hellern - SK Union Oldenbur"]
[Site "?"]
[Date "2023.04.23"]
[Round "8.4"]
[White "Lehmann, Holger"]
[Black "Wagner, Jan"]
[Result "0-1"]
[WhiteElo "2127"]
[BlackElo "2199"]
[PlyCount "92"]
[EventDate "2023.??.??"]

1. Nf3 g6 2. e4 Bg7 3. c4 d6 4. h3 e5 5. d4 Nc6 6. Be3 exd4 7. Nxd4 Qf6 8. Nxc6 bxc6 9. Nc3 Qe7 10. Qd2 Nf6 11. Be2 O-O 12. f3 Re8 13. O-O Bb7 14. Bg5 Qf8 15. Rac1 Nd7 16. Na4 h6 17. Bh4 c5 18. b4 Bc6 19. b5 Bb7 20. Nc3 g5 21. Bf2 Be5 22. Be3 Qg7 23. Nd1 Nf8 24. f4 gxf4 25. Bxf4 Bxe4 26. Bh5 Bxf4 27. Rxf4 Ng6 28. Bxg6 Bxg6 29. Nf2 h5 30. Rc3 a6 31. Rg3 axb5 32. cxb5 Re6 33. a4 Qa1+ 34. Kh2 Rxa4 35. Nd3 Ra2 36. Qc1 Qxc1 37. Nxc1 Rb2 38. Nb3 Kf8 39. Ra4 Re4 40. Ra7 Rb4 41. Na5 Rxb5 42. Nc6 R5b3 43. Rg5 Rb7 44. Ra8+ Kg7 45. Rd8 Kf6 46. h4 R7b6 0-1

[Event "OLNW 2223 SV Hellern - SK Union Oldenbur"]
[Site "?"]
[Date "2023.04.23"]
[Round "8.5"]
[White "Buerckner, Hartmut"]
[Black "Lewin, Tammo"]
[Result "0-1"]
[WhiteElo "2169"]
[BlackElo "2059"]
[PlyCount "54"]
[EventDate "2023.??.??"]

1. Nf3 Nf6 2. g3 g6 3. Bg2 Bg7 4. O-O O-O 5. c4 d6 6. d4 c6 7. Nc3 Qa5 8. d5 cxd5 9. cxd5 Bd7 10. Nd4 Rc8 11. e4 Qd8 12. Re1 Be8 13. Be3 Nbd7 14. f4 Nb6 15. Kh1 Nc4 16. Bc1 Bd7 17. h3 Qb6 18. e5 Nh5 19. g4 Nxf4 20. Bxf4 dxe5 21. d6 e6 22. Bh2 exd4 23. Ne4 Ne3 24. Rxe3 dxe3 25. Qf3 Qxb2 26. Rf1 f5 27. gxf5 exf5 0-1

[Event "OLNW 2223 SV Hellern - SK Union Oldenbur"]
[Site "?"]
[Date "2023.04.23"]
[Round "8.6"]
[White "Happe, Reinhold"]
[Black "Eschholz, Enno"]
[Result "0-1"]
[WhiteElo "2107"]
[BlackElo "2199"]
[PlyCount "113"]
[EventDate "2023.??.??"]

1. c4 e5 2. Nc3 Bb4 3. Nd5 Bc5 4. e3 c6 5. Nc3 d6 6. Nf3 Qe7 7. d4 Bb6 8. Be2 Nf6 9. O-O Bf5 10. b3 O-O 11. Ba3 e4 12. Nd2 Re8 13. c5 dxc5 14. Na4 Bc7 15. Bxc5 Qd8 16. Ba3 Nbd7 17. Rc1 Nd5 18. Nc3 N7b6 19. h3 Qh4 20. Bg4 Bg6 21. Qe1 f5 22. Bd1 f4 23. f3 Qxe1 24. Rxe1 exf3 25. Bxf3 fxe3 26. Nf1 Bf4 27. Ne2 Bg5 28. Red1 Nf4 29. Nfg3 Rad8 30. Nxf4 Bxf4 31. Ne2 Bg5 32. Bc5 Nd5 33. Kf1 Be4 34. Bxe4 Rxe4 35. Rd3 Rd7 36. Re1 b6 37. Ba3 Nf4 38. Nxf4 Rxf4+ 39. Kg1 Rdxd4 40. Rxd4 Rxd4 41. Bc1 Rd3 42. g3 Kf7 43. h4 Bh6 44. Kg2 Rc3 45. g4 Bf4 46. Kf3 g5 47. Ke4 Ke6 48. Kd4 Be5+ 49. Ke4 Bg3 50. Rxe3 Rxe3+ 51. Bxe3 gxh4 52. a4 h3 53. Kf3 Bc7 54. a5 Kd5 55. a6 h2 56. Kg2 Ke4 57. Bxb6 0-1

[Event "OLNW 2223 SV Hellern - SK Union Oldenbur"]
[Site "?"]
[Date "2023.04.23"]
[Round "8.7"]
[White "Warns, Heiko"]
[Black "Bade, Hans-Juergen"]
[Result "1-0"]
[WhiteElo "2057"]
[BlackElo "1994"]
[PlyCount "113"]
[EventDate "2023.??.??"]

1. e4 e6 2. d4 d5 3. Nc3 dxe4 4. Nxe4 Bd7 5. Nf3 Bc6 6. Bd3 Nd7 7. O-O Ngf6 8. Qe2 Be7 9. b3 Nxe4 10. Bxe4 Bxe4 11. Qxe4 c6 12. Bb2 O-O 13. Rad1 a5 14. a4 Nf6 15. Qe2 Qd5 16. Rfe1 Bb4 17. c3 Bd6 18. c4 Qh5 19. d5 Bb4 20. Rf1 cxd5 21. Bxf6 gxf6 22. cxd5 exd5 23. Qb5 Rfd8 24. Rd3 Rac8 25. Rfd1 Rc3 26. Qb6 Rdc8 27. Qxb7 R8c7 28. Qa8+ Rc8 29. Qa6 R8c6 30. Qb5 Rxd3 31. Qxd3 Rc3 32. Qd4 Kg7 33. h3 Rxb3 34. Rc1 Ba3 35. Rc6 Rb1+ 36. Kh2 Bb2 37. Qd3 Be5+ 38. g3 Rb4 39. Kg2 Rxa4 40. g4 Qg6 41. Nxe5 Qxd3 42. Nxd3 Rd4 43. Rc3 Kf8 44. Kf3 Ke7 45. Nc5 Rb4 46. Ra3 Rb5 47. Nb3 Kd6 48. Nd4 Rc5 49. Ke3 Kc7 50. Kd3 Kd6 51. f4 Rc1 52. Rxa5 Rh1 53. h4 Rh3+ 54. Ke2 Rh2+ 55. Ke3 Rh3+ 56. Nf3 d4+ 57. Kf2 1-0

[Event "OLNW 2223 SV Hellern - SK Union Oldenbur"]
[Site "?"]
[Date "2023.04.23"]
[Round "8.8"]
[White "Suendorf, Dominik"]
[Black "Koehne, Arno"]
[Result "1/2-1/2"]
[WhiteElo "1848"]
[BlackElo "1984"]
[PlyCount "161"]
[EventDate "2023.??.??"]

1. e4 c6 2. d4 d5 3. f3 e6 4. Nc3 Bb4 5. Be3 dxe4 6. Bc4 Nf6 7. Nge2 Nd5 8. Qd2 exf3 9. gxf3 Nxe3 10. Qxe3 Qh4+ 11. Ng3 Bd6 12. Nce2 Nd7 13. O-O-O Nb6 14. Bb3 Nd5 15. Bxd5 cxd5 16. Nf5 Qd8 17. Nxg7+ Kd7 18. h4 Qf6 19. Nh5 Qg6 20. Qg5 Be7 21. Qg4 Rg8 22. Qxg6 hxg6 23. Nhf4 Rh8 24. h5 gxh5 25. Nxh5 b6 26. Rdg1 Ba6 27. Kd2 Rag8 28. Rxg8 Rxg8 29. Rg1 Rh8 30. Nhf4 Rh2 31. Rg2 Rxg2 32. Nxg2 Kd6 33. f4 Bf6 34. c3 Bg7 35. Ng1 Bh6 36. Ke3 Bb5 37. Nf3 f6 38. Nge1 Be8 39. Ng2 Bg6 40. Ngh4 Be4 41. Nd2 Bc2 42. Nhf3 Bh7 43. Nf1 Bb1 44. a3 Bc2 45. N1h2 Bf5 46. Nh4 Bc2 47. Ng4 Bg7 48. Nf3 Bf5 49. Nf2 Bh6 50. Nh4 Bc2 51. Ng4 Bg7 52. Nf3 Bf5 53. Nf2 Bh7 54. Ng4 Be4 55. Nd2 Bf5 56. Nf2 Bh6 57. Nf3 Kc6 58. Nh4 Bh7 59. Ng4 Bg7 60. Kd2 Kb5 61. b3 a5 62. Ke1 Bd3 63. Kd2 Be4 64. Nf2 Bh7 65. a4+ Kc6 66. c4 Bh6 67. Ng2 Bf5 68. Kc3 Kd6 69. b4 Kc6 70. cxd5+ exd5 71. Ne3 Bd7 72. Neg4 Bxf4 73. Nxf6 axb4+ 74. Kxb4 Be3 75. Nxd7 Kxd7 76. Nd3 Bxd4 77. Kb5 Kd6 78. Nb4 Bc3 79. Nxd5 Kxd5 80. Kxb6 Kc4 81. a5 1/2-1/2

[Event "OLNW 2223 Delmenhorster SK - Post SV Uel"]
[Site "?"]
[Date "2023.04.23"]
[Round "8.1"]
[White "Laubsch, Bernd"]
[Black "Pahl, Erik"]
[Result "0-1"]
[WhiteElo "2278"]
[BlackElo "2149"]
[PlyCount "134"]
[EventDate "2023.??.??"]

1. e4 e5 2. Nf3 Nc6 3. Bb5 Nge7 4. d4 Nxd4 5. Nxd4 exd4 6. Qxd4 Nc6 7. Qd3 Bb4+ 8. c3 Be7 9. Qg3 O-O 10. O-O d6 11. Bh6 Bf6 12. Nd2 Ne5 13. Bf4 Ng6 14. Be3 c6 15. Ba4 Bh4 16. Qf3 f5 17. g3 f4 18. gxh4 Qxh4 19. Bd4 Bg4 20. Qg2 Bh3 21. Qf3 c5 22. Rfe1 Qg5+ 23. Kh1 Bg4 24. Qd3 cxd4 25. f3 Ne5 26. Qf1 dxc3 27. bxc3 Bh5 28. Bb3+ Kh8 29. Qe2 Rf6 30. Rg1 Qh4 31. Raf1 Rc8 32. c4 Rh6 33. Qg2 Rg6 34. Qf2 Qxf2 35. Rxf2 Rxg1+ 36. Kxg1 Bf7 37. Kg2 Bxc4 38. Nxc4 Nxc4 39. Bxc4 Rxc4 40. Rd2 g5 41. Rxd6 Rc2+ 42. Kh3 Rxa2 43. Kg4 Rg2+ 44. Kf5 g4 45. Kxf4 gxf3 46. Kxf3 Rxh2 47. Rd7 Rb2 48. e5 Kg8 49. e6 Kf8 50. Ke4 h5 51. Ke5 a5 52. Rd8+ Ke7 53. Rd7+ Ke8 54. Rh7 a4 55. Kd6 Rd2+ 56. Kc5 a3 57. Rxh5 a2 58. Rh8+ Ke7 59. Ra8 Kxe6 60. Kc4 Ke5 61. Kc3 Rg2 62. Kb3 Kd4 63. Rd8+ Kc5 64. Rc8+ Kb5 65. Ra8 Rg4 66. Ra7 Rb4+ 67. Kc3 Ra4 0-1

[Event "OLNW 2223 Delmenhorster SK - Post SV Uel"]
[Site "?"]
[Date "2023.04.23"]
[Round "8.2"]
[White "Pahl, Theis"]
[Black "Knuedel, Torben"]
[Result "1/2-1/2"]
[WhiteElo "2186"]
[BlackElo "2250"]
[PlyCount "68"]
[EventDate "2023.??.??"]

1. e4 c6 2. Ne2 d6 3. c4 Nf6 4. Nbc3 e5 5. d4 Be7 6. f3 O-O 7. Be3 a6 8. d5 b5 9. dxc6 Nxc6 10. Ng3 b4 11. Nd5 Nxd5 12. cxd5 Nd4 13. Bc4 Bg5 14. Bxd4 exd4 15. Qxd4 Bf4 16. O-O Qg5 17. Rfe1 Bd7 18. Bd3 a5 19. Qf2 a4 20. Nf1 Be5 21. Rac1 Rfc8 22. Rxc8+ Rxc8 23. Qa7 Qd8 24. Re2 Rc5 25. Qb7 Bd4+ 26. Kh1 Rc1 27. Rc2 Rxc2 28. Bxc2 Bc5 29. Qa6 g6 30. Bxa4 Qf6 31. Bxd7 Qd4 32. Ne3 Qxe3 33. Qf1 Qd2 34. Bb5 Qxb2 1/2-1/2

[Event "OLNW 2223 Delmenhorster SK - Post SV Uel"]
[Site "?"]
[Date "2023.04.23"]
[Round "8.3"]
[White "Wiegmann, Sascha"]
[Black "Hedke, Fred"]
[Result "1-0"]
[WhiteElo "2301"]
[BlackElo "2239"]
[PlyCount "87"]
[EventDate "2023.??.??"]

1. Nf3 Nf6 2. g3 g6 3. Bg2 Bg7 4. O-O O-O 5. d4 d5 6. c4 e6 7. Nc3 b6 8. cxd5 exd5 9. Bg5 Bb7 10. Ne5 c6 11. e4 h6 12. Bxf6 Bxf6 13. exd5 cxd5 14. Qb3 Nc6 15. Nxc6 Bxc6 16. Nxd5 Bxd5 17. Bxd5 Rc8 18. Rad1 Qd6 19. Rd3 Kg7 20. Rfd1 Rc7 21. Kg2 Rd8 22. Bf3 h5 23. h4 Rcd7 24. Qa4 Rc7 25. R3d2 Rdc8 26. Qa6 Rd8 27. Qe2 Re7 28. Qd3 Red7 29. d5 Rc7 30. Rc2 Rxc2 31. Qxc2 Qb4 32. d6 Qc5 33. Qxc5 bxc5 34. b4 cxb4 35. d7 Kf8 36. Bc6 Ke7 37. Kf3 Bc3 38. Ba4 Ke6 39. Ke4 f6 40. Kd3 a5 41. Kc4 f5 42. Kc5 Bf6 43. Re1+ Kf7 44. Re8 1-0

[Event "OLNW 2223 Delmenhorster SK - Post SV Uel"]
[Site "?"]
[Date "2023.04.23"]
[Round "8.4"]
[White "Margraf, Daniel"]
[Black "von Estorff, Jacob"]
[Result "1-0"]
[WhiteElo "2218"]
[BlackElo "2155"]
[PlyCount "107"]
[EventDate "2023.??.??"]

1. e4 c5 2. Nc3 Nc6 3. f4 g6 4. Nf3 Bg7 5. Be2 d6 6. O-O Bg4 7. Qe1 Bxf3 8. Bxf3 Nd4 9. Bd1 e5 10. Nd5 Ne7 11. Nxe7 Qxe7 12. c3 Nc6 13. f5 g5 14. Bb3 Bf6 15. d3 O-O-O 16. Bd5 Kb8 17. a3 Qe8 18. b4 Ne7 19. Bb3 d5 20. Qf2 d4 21. cxd4 cxd4 22. Qa2 Rf8 23. Bd2 Nc8 24. Rac1 Nd6 25. a4 Qd7 26. Rc5 Rc8 27. Rd5 Qe7 28. b5 Ne8 29. b6 axb6 30. a5 Rc6 31. axb6 Rxb6 32. Ba5 Ra6 33. Bc4 Ra7 34. Ra1 Ra8 35. Bb5 b6 36. Bxe8 Qxe8 37. Rb1 Qc6 38. Qb3 Bd8 39. Bb4 Re8 40. Bd6+ Kb7 41. Bxe5 Qa4 42. Qb2 Rc8 43. Rxd4 Qc6 44. Rd5 Bc7 45. Bxc7 Rxc7 46. Rb5 Kc8 47. Rxb6 Qc5+ 48. d4 Qa5 49. e5 Kd7 50. Rb5 Qa4 51. d5 Rec8 52. e6+ Ke8 53. d6 Rc2 54. Qh8# 1-0